000 00679nam a22002057a 4500
999 _c166190
_d166190
005 20190716130747.0
010 _aENG-125947
020 _a9789353430917
_c575.00
035 _aEN-109479
037 _bDBAD/PUB
082 _a530
245 _aPhysics class-9
250 _aEighth edition
260 _aNoida
_bPearson India Education
_c2019
270 _a15th Floor, Tower-B, World Trade Tower, Plot No.I, Block-C, Sector 16
_bNoida, Uttar Pradesh
_e201301
_mcompanysecretary.india@pearson.com
300 _avarious paging.
_c25cm(pbk)
490 _aPearsons IIT foundation series
500 _aTrishna knowledge systems
942 _2ddc
_cEN
_h530
_mPHY